[Event "Beloeil CC-ch"]
[Site "Beloeil CAN"]
[Date "1997.10.17"]
[Round "3"]
[White "Charest, Johanne"]
[Black "Falardeau, Bruno"]
[Result "1-0"]
[WhiteElo "1889"]
[BlackElo "1615"]
[PlyCount "25"]
[GameId "2160767911931964"]
[EventDate "1997.09.28"]
[EventType "swiss"]
[EventRounds "6"]
[EventCountry "CAN"]

1. e4 e6 2. d4 d5 3. e5 c5 4. c3 Nc6 5. Nf3 Qb6 6. Bd3 Bd7 7. O-O cxd4 8. cxd4 Nxd4 9. Nxd4 Qxd4 10. Nc3 Bb4 11. Nb5 Qb6 12. Qg4 g6 13. Qxb4 1-0

[Event "Beloeil CC-ch"]
[Site "Beloeil CAN"]
[Date "1997.10.25"]
[Round "4"]
[White "Doucet, Maurice"]
[Black "Charest, Johanne"]
[Result "1/2-1/2"]
[WhiteElo "1734"]
[BlackElo "1889"]
[PlyCount "70"]
[GameId "2160767911931966"]
[EventDate "1997.09.28"]
[EventType "swiss"]
[EventRounds "6"]
[EventCountry "CAN"]

1. e4 e5 2. Nf3 Nc6 3. Bc4 Bc5 4. c3 Nf6 5. d4 exd4 6. cxd4 Bb4+ 7. Bd2 Nxe4 8. Bxb4 Nxb4 9. Bxf7+ Kxf7 10. Qb3+ d5 11. Ne5+ Ke8 12. Qxb4 Qg5 13. Nd2 Qxg2 14. O-O-O Nxd2 15. Qxd2 Rf8 16. Rhg1 Qxf2 17. Rxg7 Qxd2+ 18. Rxd2 Bf5 19. Rxc7 Rc8 20. Rxc8+ Bxc8 21. Rg2 Kd8 22. Kd2 Bf5 23. Rg7 Kc8 24. Rf7 Rxf7 25. Nxf7 Kc7 26. Ke3 Kd7 27. Kf4 Bb1 28. a3 Ke7 29. Ne5 Kf6 30. Ng4+ Ke6 31. Kg5 Bc2 32. h4 Be4 33. Ne5 Bc2 34. Ng4 Bd3 35. Ne3 Be4 1/2-1/2

[Event "Beloeil CC-ch"]
[Site "Beloeil CAN"]
[Date "1997.11.17"]
[Round "6"]
[White "Charest, Johanne"]
[Black "Skalli, Kamel"]
[Result "0-1"]
[WhiteElo "1889"]
[BlackElo "2250"]
[PlyCount "34"]
[GameId "2160767911931968"]
[EventDate "1997.09.28"]
[EventType "swiss"]
[EventRounds "6"]
[EventCountry "CAN"]

1. e4 e5 2. Nf3 Nc6 3. Bc4 Nf6 4. d4 exd4 5. O-O Nxe4 6. Re1 d5 7. Bxd5 Qxd5 8. Nc3 Qa5 9. Rxe4+ Be6 10. Qe2 dxc3 11. Rxe6+ fxe6 12. Qxe6+ Be7 13. Bg5 cxb2 14. Re1 Qb4 15. Bxe7 Nxe7 16. Rb1 Rf8 17. h3 Rf6 0-1

[Event "Bluenose CC-ch"]
[Site "Halifax CAN"]
[Date "1997.02.22"]
[Round "2"]
[White "Armstrong, Brad"]
[Black "Cordes, John"]
[Result "0-1"]
[WhiteElo "1886"]
[BlackElo "1743"]
[PlyCount "98"]
[GameId "2160767911966460"]
[EventDate "1997.02.22"]
[EventType "swiss"]
[EventRounds "5"]
[EventCountry "CAN"]

1. e4 c5 2. Nf3 Nc6 3. d4 cxd4 4. Nxd4 Nf6 5. Nc3 d6 6. Bg5 e5 7. Ndb5 a6 8. Bxf6 gxf6 9. Na3 f5 10. Bd3 fxe4 11. Bxe4 Qg5 12. Nd5 Rb8 13. Nc4 f5 14. Bf3 h5 15. h4 Qg6 16. g3 Nd4 17. Ncb6 f4 18. Kf1 fxg3 19. fxg3 Qxg3 20. Bxh5+ Kd8 21. Nxc8 Rg8 22. Qd2 Bh6 23. Qf2 Rf8 24. Nf6 Qxf2+ 25. Kxf2 Rxf6+ 26. Kg2 Rxc8 27. c3 Nc2 28. Rag1 Rc7 29. Kh3 Rg7 30. Rxg7 Bxg7 31. Rg1 Bh6 32. Bg6 Ne3 33. h5 Nd5 34. Kh4 Nf4 35. Rg3 Nxg6+ 36. hxg6 Bg7 37. Kg5 Rf2 38. Rh3 Ke7 39. Rh7 Kf8 40. Rh3 e4 41. Re3 d5 42. c4 d4 43. Rxe4 d3 44. Re6 d2 45. Rd6 Bxb2 46. Rd8+ Ke7 47. Rd3 Bc3 48. Re3+ Kf8 49. Rd3 Rf1 0-1

[Event "Bluenose CC-ch"]
[Site "Halifax CAN"]
[Date "1997.02.23"]
[Round "4"]
[White "Eldridge, Mike"]
[Black "Cordes, John"]
[Result "0-1"]
[WhiteElo "1838"]
[BlackElo "1743"]
[PlyCount "164"]
[GameId "2160767911966461"]
[EventDate "1997.02.22"]
[EventType "swiss"]
[EventRounds "5"]
[EventCountry "CAN"]

1. c4 Nf6 2. Nc3 g6 3. g3 Bg7 4. Bg2 O-O 5. d4 d6 6. e4 e5 7. d5 Na6 8. h3 Re8 9. Nge2 Bd7 10. Be3 c6 11. a3 cxd5 12. cxd5 Rc8 13. b4 b6 14. Qd3 Nc7 15. O-O Rb8 16. Kh2 h5 17. Bg5 Qc8 18. b5 Nh7 19. Be3 f5 20. a4 Rf8 21. f3 f4 22. gxf4 exf4 23. Bd4 Ng5 24. Bxg7 Kxg7 25. Ng1 Nf7 26. Na2 g5 27. Nb4 Ra8 28. Rac1 Qd8 29. Qc3+ Ne5 30. Qxc7 Qf6 31. Qc3 Rac8 32. Nc6 g4 33. Qa1 gxh3 34. Nxh3 Rxc6 35. bxc6 Bc8 36. Rh1 Qh4 37. Kg1 Rf6 38. Rf1 Rg6 39. Nxf4 Qxf4 40. Rh2 h4 41. Kh1 Rg3 42. Qc1 Qf6 43. Qe1 Qg6 44. Qf2 h3 45. Bxh3 Bxh3 46. Qxg3 Qxg3 47. Rg1 Qxg1+ 48. Kxg1 Nxf3+ 49. Kh1 Nxh2 50. Kxh2 Bf1 51. Kg1 Bd3 52. c7 Ba6 53. Kf2 Kf6 54. Ke3 Ke7 55. Kd4 Kd7 56. e5 dxe5+ 57. Kxe5 Kxc7 58. a5 b5 59. Kd4 Kd6 60. Kc3 Kxd5 61. Kb4 Kd4 62. Kb3 Bb7 63. Kb4 a6 64. Kb3 Bd5+ 65. Kb4 Bc4 66. Ka3 Kd3 67. Kb4 Kc2 68. Ka3 Kb1 69. Kb4 Ka2 70. Kc3 Ka3 71. Kc2 Ka4 72. Kb2 Kxa5 73. Ka3 Be6 74. Kb2 Kb4 75. Ka1 Kc3 76. Kb1 b4 77. Ka1 b3 78. Kb1 a5 79. Ka1 a4 80. Kb1 a3 81. Ka1 b2+ 82. Kb1 a2# 0-1

[Event "Bluenose November B"]
[Site "Halifax CAN"]
[Date "1997.11.03"]
[Round "1"]
[White "Ede, Albert"]
[Black "Tufts, Kim"]
[Result "0-1"]
[WhiteElo "1821"]
[BlackElo "1825"]
[PlyCount "54"]
[GameId "2160767911874421"]
[EventDate "1997.11.03"]
[EventType "tourn"]
[EventRounds "6"]
[EventCountry "CAN"]

1. e4 e5 2. Nf3 f5 3. Bc4 fxe4 4. Nxe5 d5 5. Qh5+ g6 6. Nxg6 hxg6 7. Qxh8 Kf7 8. Qd4 Nf6 9. Be2 Nc6 10. Qa4 Bd6 11. c3 Qe7 12. h3 Ne5 13. Qd1 Nd3+ 14. Bxd3 exd3+ 15. Kf1 Bd7 16. Qf3 Re8 17. g3 Bf5 18. Qd1 Qe2+ 19. Qxe2 dxe2+ 20. Ke1 Bd3 21. Rg1 Ne4 22. b4 c5 23. Ba3 Bc4 24. bxc5 Bxc5 25. d4 Ng5 26. Nd2 Bxa3 27. Nxc4 Nf3# 0-1

[Event "Bluenose Winter Sectional A"]
[Site "Halifax CAN"]
[Date "1997.03.22"]
[Round "1"]
[White "Brennan, James"]
[Black "Burgess, Brian"]
[Result "1-0"]
[WhiteElo "1851"]
[BlackElo "1859"]
[PlyCount "70"]
[GameId "2160767911966246"]
[EventDate "1997.03.22"]
[EventType "tourn"]
[EventRounds "6"]
[EventCountry "CAN"]

1. d4 Nf6 2. Bg5 e6 3. e4 h6 4. Bxf6 Qxf6 5. Nc3 d6 6. Nf3 Nd7 7. Bd3 c6 8. a4 e5 9. d5 c5 10. Qe2 Qd8 11. Nd2 Be7 12. O-O O-O 13. a5 Nf6 14. Nc4 Rb8 15. Nb5 a6 16. Nc3 Bg4 17. f3 Bc8 18. Nd1 Nh5 19. g3 Bh3 20. Rf2 Bg5 21. f4 Nxf4 22. gxf4 Bxf4 23. Qh5 Qd7 24. Be2 g6 25. Qh4 Bg5 26. Qg3 Bf4 27. Qf3 h5 28. Nb6 Qg4+ 29. Qxg4 hxg4 30. Nd7 g3 31. hxg3 Bxg3 32. Nxb8 Rxb8 33. Rf3 Bg4 34. Rxg3 Bxe2 35. Ne3 Kf8 1-0

[Event "Bluenose Winter Sectional A"]
[Site "Halifax CAN"]
[Date "1997.03.22"]
[Round "1"]
[White "Kenney, David"]
[Black "Wysocki, Antoni"]
[Result "1/2-1/2"]
[WhiteElo "1911"]
[BlackElo "2028"]
[PlyCount "43"]
[GameId "2160767911966247"]
[EventDate "1997.03.22"]
[EventType "tourn"]
[EventRounds "6"]
[EventCountry "CAN"]

1. c4 b6 2. d4 Bb7 3. Nc3 e6 4. Nf3 Nf6 5. Bg5 Bb4 6. a3 Bxc3+ 7. bxc3 h6 8. Bc1 O-O 9. e3 d6 10. Be2 c5 11. O-O Nc6 12. Nd2 e5 13. d5 Ne7 14. e4 Nd7 15. Bg4 f5 16. exf5 Nxf5 17. Ne4 Qe7 18. Bd2 Rad8 19. Bxf5 Rxf5 20. Qg4 Rdf8 21. Bxh6 Nb8 22. Bd2 1/2-1/2

[Event "Bluenose Winter Sectional A"]
[Site "Halifax CAN"]
[Date "1997.03.22"]
[Round "2"]
[White "Brennan, James"]
[Black "Kenney, David"]
[Result "1/2-1/2"]
[WhiteElo "1851"]
[BlackElo "1911"]
[PlyCount "79"]
[GameId "2160767911966248"]
[EventDate "1997.03.22"]
[EventType "tourn"]
[EventRounds "6"]
[EventCountry "CAN"]

1. d4 d6 2. e4 g6 3. Nc3 Bg7 4. g3 Nf6 5. Bg2 O-O 6. Nge2 Na6 7. O-O c5 8. d5 Nc7 9. a4 Rb8 10. h3 b6 11. g4 a6 12. Ng3 b5 13. axb5 axb5 14. Bf4 b4 15. Nce2 Nfe8 16. Qc1 e5 17. Be3 Nb5 18. Kh2 Nf6 19. g5 Ne8 20. h4 f5 21. f4 fxe4 22. Bxe4 exf4 23. Rxf4 Rxf4 24. Nxf4 Qe7 25. Ra2 Be5 26. Qf1 Ng7 27. Qf3 Bd7 28. Nd3 Bd4 29. Bxd4 Nxd4 30. Qg2 Re8 31. Ra7 Qd8 32. Nf4 Ngf5 33. Bxf5 Nxf5 34. Ne4 Re7 35. Nf6+ Kh8 36. h5 gxh5 37. N4xh5 Be8 38. Rxe7 Qxe7 39. Nf4 Qe5 40. Qe4 1/2-1/2

[Event "Bluenose Winter Sectional A"]
[Site "Halifax CAN"]
[Date "1997.03.22"]
[Round "2"]
[White "Burgess, Brian"]
[Black "Wysocki, Antoni"]
[Result "0-1"]
[WhiteElo "1859"]
[BlackElo "2028"]
[PlyCount "96"]
[GameId "2160767911966249"]
[EventDate "1997.03.22"]
[EventType "tourn"]
[EventRounds "6"]
[EventCountry "CAN"]

1. d4 c6 2. e4 d5 3. Nc3 dxe4 4. Nxe4 Nf6 5. Nxf6+ gxf6 6. Be3 Bf5 7. Bd3 Bg6 8. Bxg6 hxg6 9. c3 e6 10. Qb3 Qc7 11. Ne2 Bd6 12. g3 Nd7 13. O-O-O a5 14. c4 a4 15. Qc3 Rh5 16. c5 Be7 17. Nf4 Rf5 18. Qd3 b6 19. cxb6 Nxb6 20. Kb1 Rb5 21. Rc1 Qb7 22. Rc2 Rb8 23. Bc1 Nd5 24. Nxd5 cxd5 25. Re1 f5 26. Ree2 g5 27. h3 Rb4 28. f4 gxf4 29. gxf4 Qb6 30. Be3 Kd7 31. Red2 Rh8 32. Bf2 Bd6 33. Qg3 Qb8 34. Qg7 Qg8 35. Qxg8 Rxg8 36. Be3 Rg3 37. Rc3 Rxh3 38. Kc2 Rf3 39. a3 Rb3 40. Rxb3 axb3+ 41. Kd3 Bxf4 42. Re2 Kc6 43. Kd2 Bxe3+ 44. Rxe3 Rxe3 45. Kxe3 Kb5 46. Kf4 f6 47. Ke3 e5 48. dxe5 fxe5 0-1

[Event "Bluenose Winter Sectional A"]
[Site "Halifax CAN"]
[Date "1997.03.22"]
[Round "3"]
[White "Wysocki, Antoni"]
[Black "Brennan, James"]
[Result "1/2-1/2"]
[WhiteElo "2028"]
[BlackElo "1911"]
[PlyCount "97"]
[GameId "2160767911966250"]
[EventDate "1997.03.22"]
[EventType "tourn"]
[EventRounds "6"]
[EventCountry "CAN"]

1. Nf3 d6 2. g3 e5 3. Bg2 f5 4. d4 e4 5. Ng5 Be7 6. Nh3 Nf6 7. O-O O-O 8. f3 d5 9. c4 c6 10. Nc3 Be6 11. Ng5 Bc8 12. Qb3 Qb6 13. cxd5 Qxb3 14. axb3 cxd5 15. Nh3 Nc6 16. e3 b6 17. Bd2 Nb4 18. Ra4 Bd7 19. Raa1 h6 20. Nf4 Bd6 21. Ng6 exf3 22. Bxf3 Rfe8 23. Nf4 Bc6 24. Rfc1 Bxf4 25. exf4 Nd3 26. Rc2 Nb4 27. Rcc1 Nd3 28. Rf1 Nxb2 29. Bc1 Nd3 30. Ba3 Ne4 31. Rfd1 Nxc3 32. Rxd3 Ne4 33. Bh5 Re6 34. Bc1 Bb5 35. Re3 Rc6 36. Bd1 Rc3 37. Rxc3 Nxc3 38. Bb2 Nxd1 39. Rxd1 Rc8 40. Rd2 g6 41. Kf2 Kf7 42. Ke1 g5 43. Kf2 a5 44. Ke1 gxf4 45. gxf4 Re8+ 46. Kf2 a4 47. bxa4 Bxa4 48. Re2 Rxe2+ 49. Kxe2 1/2-1/2

[Event "Bluenose Winter Sectional A"]
[Site "Halifax CAN"]
[Date "1997.03.23"]
[Round "4"]
[White "Wysocki, Antoni"]
[Black "Kenney, David"]
[Result "0-1"]
[WhiteElo "2028"]
[BlackElo "1911"]
[PlyCount "101"]
[GameId "2160767911966251"]
[EventDate "1997.03.22"]
[EventType "tourn"]
[EventRounds "6"]
[EventCountry "CAN"]

1. Nf3 Nf6 2. c4 g6 3. Nc3 Bg7 4. e4 d6 5. d4 O-O 6. Be2 e5 7. O-O Nc6 8. d5 Ne7 9. b4 Ne8 10. c5 f5 11. Ng5 h6 12. Ne6 Bxe6 13. dxe6 fxe4 14. Nxe4 d5 15. Ng3 c6 16. Rb1 Nc7 17. Bg4 Qe8 18. Bb2 Nf5 19. Re1 e4 20. Bxf5 gxf5 21. Bxg7 Kxg7 22. Qd4+ Kh7 23. Qe5 Nxe6 24. Nxf5 Qg6 25. Ng3 Rf7 26. Rb3 Raf8 27. Rf1 Ng7 28. b5 Ne6 29. bxc6 bxc6 30. Qd6 Nd4 31. Qxg6+ Kxg6 32. Ra3 h5 33. Rd1 Nc2 34. Ra6 Rf6 35. Rd2 Nb4 36. Rxa7 Nd3 37. a4 Nxf2 38. h4 Ng4 39. Rb2 Ne5 40. Re7 Nd3 41. Re2 Ra8 42. Nxe4 dxe4 43. R2xe4 Raf8 44. g4 hxg4 45. Rxg4+ Kh5 46. Rc4 Rf4 47. Rxf4 Rxf4 48. Re3 Nb2 49. Re6 Nxa4 50. Rxc6 Nxc5 51. Rxc5+ 0-1

[Event "Bluenose Winter Sectional A"]
[Site "Halifax CAN"]
[Date "1997.03.23"]
[Round "5"]
[White "Kenney, David"]
[Black "Brennan, James"]
[Result "1-0"]
[WhiteElo "1911"]
[BlackElo "1851"]
[PlyCount "39"]
[GameId "2160767911966252"]
[EventDate "1997.03.22"]
[EventType "tourn"]
[EventRounds "6"]
[EventCountry "CAN"]

1. c4 e5 2. g3 Nf6 3. Bg2 c6 4. d4 exd4 5. Qxd4 d5 6. Nc3 dxc4 7. Qxc4 Be6 8. Qa4 Bc5 9. Nf3 O-O 10. O-O h6 11. Qc2 Qc8 12. b3 Bh3 13. Bb2 Bxg2 14. Kxg2 Nbd7 15. Rad1 Qc7 16. e3 Rad8 17. Ne2 Be7 18. Ned4 g6 19. Nh4 Ne8 20. Nxg6 1-0

[Event "Bluenose Winter Sectional A"]
[Site "Halifax CAN"]
[Date "1997.03.23"]
[Round "6"]
[White "Brennan, James"]
[Black "Wysocki, Antoni"]
[Result "0-1"]
[WhiteElo "1851"]
[BlackElo "2028"]
[PlyCount "82"]
[GameId "2160767911966253"]
[EventDate "1997.03.22"]
[EventType "tourn"]
[EventRounds "6"]
[EventCountry "CAN"]

1. d4 e6 2. Nf3 a6 3. c4 c5 4. Nc3 cxd4 5. Nxd4 Qc7 6. e4 Nf6 7. a3 Be7 8. Bd3 Nc6 9. Nxc6 bxc6 10. Be3 Rb8 11. Qe2 d6 12. O-O O-O 13. f4 Rd8 14. b4 d5 15. e5 d4 16. exf6 Bxf6 17. Ne4 dxe3 18. Nxf6+ gxf6 19. Rf3 c5 20. Bxh7+ Kf8 21. Rb1 cxb4 22. axb4 Rd4 23. Rxe3 Rxc4 24. Qd2 Bb7 25. Rd3 Rxf4 26. Rd1 Qb6+ 27. Kh1 Qf2 28. Qxf2 Rxf2 29. Rg3 Ke7 30. Rb1 Rd8 31. Rc3 Bxg2+ 32. Kg1 Rdd2 33. Bd3 Bh3 34. Be4 Rxh2 35. Rc7+ Kf8 36. Ra7 f5 37. Bb7 e5 38. Bh1 e4 39. Rxa6 Bg4 40. b5 Bf3 41. Bxf3 exf3 0-1

[Event "Bluenose Winter Sectional A"]
[Site "Halifax CAN"]
[Date "1997.03.23"]
[Round "6"]
[White "Kenney, David"]
[Black "Burgess, Brian"]
[Result "1-0"]
[WhiteElo "1911"]
[BlackElo "1859"]
[PlyCount "51"]
[GameId "2160767911966254"]
[EventDate "1997.03.22"]
[EventType "tourn"]
[EventRounds "6"]
[EventCountry "CAN"]

1. c4 e5 2. Nc3 Nc6 3. g3 g6 4. Bg2 Bg7 5. e3 d6 6. Nge2 h5 7. d4 h4 8. d5 Nb8 9. Bd2 Nh6 10. e4 h3 11. Bf3 Nd7 12. Qa4 O-O 13. O-O-O Nc5 14. Qc2 a5 15. Rhf1 Bd7 16. Ng1 a4 17. Be3 b6 18. Be2 Ng4 19. Bxg4 Bxg4 20. f3 Bd7 21. g4 Qh4 22. Kb1 g5 23. Nge2 f6 24. Ng3 Ra5 25. Nh5 Be8 26. Bf2 1-0

[Event "Bluenose Winter Sectional B"]
[Site "Halifax CAN"]
[Date "1997.03.22"]
[Round "1"]
[White "Cordes, John"]
[Black "Davies, Cedric"]
[Result "0-1"]
[WhiteElo "1811"]
[BlackElo "1828"]
[PlyCount "82"]
[GameId "2160767911966255"]
[EventDate "1997.03.22"]
[EventType "tourn"]
[EventRounds "6"]
[EventCountry "CAN"]

1. e4 c6 2. Nf3 d5 3. d3 dxe4 4. dxe4 Qxd1+ 5. Kxd1 Bg4 6. Nbd2 Nf6 7. Bd3 Nbd7 8. Re1 e6 9. Ke2 O-O-O 10. Kf1 Nc5 11. Re3 Be7 12. a3 Bh5 13. Bc4 Bg6 14. e5 Nd5 15. Bxd5 Rxd5 16. c4 Rd3 17. Re2 Rhd8 18. b4 Nb3 19. Nxb3 Rxb3 20. Ke1 Bd3 21. Rd2 Bxc4 22. Rxd8+ Bxd8 23. Nd2 Rc3 24. Bb2 Rc2 25. Bd4 Bb6 26. Bxb6 axb6 27. Nxc4 Rxc4 28. f3 Rd4 29. Ke2 Rd5 30. f4 c5 31. Rd1 Kd7 32. b5 Ke7 33. g3 f6 34. exf6+ Kxf6 35. Rd3 Rxd3 36. Kxd3 Kf5 37. h3 h5 38. Ke3 e5 39. fxe5 Kxe5 40. Kd3 h4 41. gxh4 Kf4 0-1

[Event "Bluenose Winter Sectional B"]
[Site "Halifax CAN"]
[Date "1997.03.22"]
[Round "1"]
[White "Phillips, Gary"]
[Black "Tufts, Kim"]
[Result "0-1"]
[WhiteElo "1791"]
[BlackElo "1690"]
[PlyCount "65"]
[GameId "2160767911966256"]
[EventDate "1997.03.22"]
[EventType "tourn"]
[EventRounds "6"]
[EventCountry "CAN"]

1. e4 e5 2. Nf3 f5 3. Bc4 d5 4. Bxd5 Nf6 5. Nc3 Nxd5 6. exd5 e4 7. Ne5 Qf6 8. d4 Bb4 9. Qh5+ g6 10. Qh3 Nd7 11. Bf4 Nb6 12. O-O Bxc3 13. Qxc3 Nxd5 14. Qg3 Nxf4 15. Qxf4 g5 16. Qe3 O-O 17. f3 exf3 18. Nxf3 f4 19. Qb3+ Kh8 20. Rae1 b6 21. Qd5 Bf5 22. c3 Rae8 23. Re5 Rxe5 24. Nxe5 Be6 25. Qe4 Bf5 26. Qb7 c5 27. Qxa7 cxd4 28. cxd4 g4 29. Rxf4 Qd6 30. Nf7+ Rxf7 31. Qxf7 Be6 32. Qf6+ Kg8 33. Rxg4+ 0-1

[Event "Bluenose Winter Sectional B"]
[Site "Halifax CAN"]
[Date "1997.03.22"]
[Round "2"]
[White "Cordes, John"]
[Black "Phillips, Gary"]
[Result "0-1"]
[WhiteElo "1811"]
[BlackElo "1791"]
[PlyCount "54"]
[GameId "2160767911966257"]
[EventDate "1997.03.22"]
[EventType "tourn"]
[EventRounds "6"]
[EventCountry "CAN"]

1. e4 e5 2. Nf3 Nc6 3. d4 exd4 4. c3 Bc5 5. cxd4 Bb4+ 6. Nc3 Nf6 7. Qc2 d5 8. e5 Ne4 9. Bd3 Bf5 10. O-O Bxc3 11. bxc3 O-O 12. Ne1 Bg6 13. f3 Ng5 14. f4 Bxd3 15. Nxd3 Ne4 16. f5 f6 17. e6 Qe7 18. Rf4 g5 19. fxg6 hxg6 20. Rg4 Qh7 21. Nf4 Ne7 22. Nxd5 Nxd5 23. Rxe4 Rfe8 24. Qb3 c6 25. g3 g5 26. c4 Qxe4 27. cxd5 Qxd4+ 0-1

[Event "Bluenose Winter Sectional B"]
[Site "Halifax CAN"]
[Date "1997.03.22"]
[Round "2"]
[White "Tufts, Kim"]
[Black "Davies, Cedric"]
[Result "1-0"]
[WhiteElo "1690"]
[BlackElo "1828"]
[PlyCount "53"]
[GameId "2160767911966258"]
[EventDate "1997.03.22"]
[EventType "tourn"]
[EventRounds "6"]
[EventCountry "CAN"]

1. e4 c6 2. d4 d5 3. e5 Bf5 4. h4 h5 5. Bd3 Bxd3 6. Qxd3 e6 7. Nf3 c5 8. c3 Nc6 9. Be3 Qb6 10. Nbd2 Nh6 11. Bxh6 Rxh6 12. O-O Be7 13. dxc5 Bxc5 14. b4 Be7 15. Nb3 Rc8 16. Nbd4 Rh8 17. Rfe1 Nxd4 18. Nxd4 Rc4 19. Rad1 a6 20. Nf5 g6 21. Nd6+ Bxd6 22. exd6 Kd7 23. Qf3 Rh7 24. Rxd5 exd5 25. Re7+ Kc6 26. Qf6 Re4 27. d7+ 1-0

[Event "Bluenose Winter Sectional B"]
[Site "Halifax CAN"]
[Date "1997.03.22"]
[Round "3"]
[White "Davies, Cedric"]
[Black "Phillips, Gary"]
[Result "1/2-1/2"]
[WhiteElo "1828"]
[BlackElo "1791"]
[PlyCount "49"]
[GameId "2160767911966259"]
[EventDate "1997.03.22"]
[EventType "tourn"]
[EventRounds "6"]
[EventCountry "CAN"]

1. e4 d5 2. exd5 Qxd5 3. Nc3 Qa5 4. Nf3 Nf6 5. Be2 Bf5 6. d4 c6 7. O-O Nbd7 8. a3 e6 9. Bf4 Be7 10. Re1 Nh5 11. b4 Qd8 12. Be3 Nhf6 13. b5 cxb5 14. Bxb5 Rc8 15. Qd2 Qa5 16. Bxd7+ Nxd7 17. Ne4 Qxd2 18. Nfxd2 Bxe4 19. Nxe4 f5 20. Nc5 Nxc5 21. dxc5 O-O 22. Rab1 b6 23. cxb6 axb6 24. Rxb6 Bxa3 25. Rxe6 1/2-1/2

[Event "Bluenose Winter Sectional B"]
[Site "Halifax CAN"]
[Date "1997.03.22"]
[Round "3"]
[White "Tufts, Kim"]
[Black "Cordes, John"]
[Result "1-0"]
[WhiteElo "1690"]
[BlackElo "1811"]
[PlyCount "57"]
[GameId "2160767911966260"]
[EventDate "1997.03.22"]
[EventType "tourn"]
[EventRounds "6"]
[EventCountry "CAN"]

1. e4 Nc6 2. d4 d5 3. e5 f6 4. f4 Bf5 5. Nf3 e6 6. a3 a6 7. Nc3 Qd7 8. h3 h5 9. Bd3 g6 10. Nh4 Nxd4 11. Nxg6 Qg7 12. Bxf5 Nxf5 13. Nxh8 Ng3 14. Rg1 Bc5 15. Rf1 Nxf1 16. Qxh5+ Kd7 17. Kxf1 Qg3 18. Qf3 Qg7 19. Nxd5 fxe5 20. Nc3 exf4 21. Bxf4 Rf8 22. Rd1+ Kc8 23. Qg4 Qe5 24. Ng6 Qe3 25. Ne4 Qxe4 26. Nxf8 Bxf8 27. Re1 Qc4+ 28. Re2 Kd7 29. b3 1-0

[Event "Bluenose Winter Sectional B"]
[Site "Halifax CAN"]
[Date "1997.03.23"]
[Round "4"]
[White "Davies, Cedric"]
[Black "Cordes, John"]
[Result "1-0"]
[WhiteElo "1828"]
[BlackElo "1811"]
[PlyCount "63"]
[GameId "2160767911966261"]
[EventDate "1997.03.22"]
[EventType "tourn"]
[EventRounds "6"]
[EventCountry "CAN"]

1. e4 c5 2. Nc3 e6 3. f4 Nc6 4. Nf3 d5 5. Bb5 dxe4 6. Bxc6+ bxc6 7. Nxe4 Nf6 8. Qe2 Nxe4 9. Qxe4 Qd5 10. d3 Bd6 11. c4 Qxe4+ 12. dxe4 a5 13. Kf2 Ba6 14. Rd1 Ke7 15. b3 a4 16. Be3 Rhb8 17. e5 Bc7 18. Bxc5+ Ke8 19. Nd4 Bb6 20. Bxb6 Rxb6 21. c5 Rb4 22. a3 Rbb8 23. b4 Bb5 24. Nxb5 cxb5 25. Rd6 Rc8 26. Rad1 Ra7 27. Rb6 Rd7 28. Rxd7 Kxd7 29. Rxb5 Kc6 30. Rb6+ Kd7 31. Rd6+ Ke7 32. Ke3 1-0

[Event "Bluenose Winter Sectional B"]
[Site "Halifax CAN"]
[Date "1997.03.23"]
[Round "4"]
[White "Tufts, Kim"]
[Black "Phillips, Gary"]
[Result "0-1"]
[WhiteElo "1690"]
[BlackElo "1791"]
[PlyCount "60"]
[GameId "2160767911966262"]
[EventDate "1997.03.22"]
[EventType "tourn"]
[EventRounds "6"]
[EventCountry "CAN"]

1. e4 d5 2. d4 dxe4 3. Nc3 Bf5 4. f3 exf3 5. Nxf3 Nf6 6. Bc4 e6 7. O-O Be7 8. Bf4 Bd6 9. Ne5 a6 10. Qe2 O-O 11. Bg5 Be7 12. Rad1 Nbd7 13. Bxf6 Bxf6 14. Ne4 Bxe5 15. dxe5 Qe7 16. Ng3 Qc5+ 17. Kh1 Nxe5 18. Nxf5 exf5 19. Bb3 Ng4 20. Rd5 Qe3 21. Qf3 Qxf3 22. Rxf3 g6 23. Rd7 Ne5 24. Re7 Nxf3 25. gxf3 Rab8 26. Kg2 b5 27. Kg3 a5 28. Kf4 Kg7 29. a3 b4 30. axb4 Rxb4+ 0-1

[Event "Bluenose Winter Sectional B"]
[Site "Halifax CAN"]
[Date "1997.03.23"]
[Round "5"]
[White "Davies, Cedric"]
[Black "Tufts, Kim"]
[Result "1/2-1/2"]
[WhiteElo "1828"]
[BlackElo "1690"]
[PlyCount "55"]
[GameId "2160767911966263"]
[EventDate "1997.03.22"]
[EventType "tourn"]
[EventRounds "6"]
[EventCountry "CAN"]

1. e4 e5 2. Nf3 f5 3. Nxe5 Nc6 4. d4 Qf6 5. Nxc6 dxc6 6. Bc4 fxe4 7. O-O Bd6 8. Re1 Bf5 9. Nc3 O-O-O 10. Nxe4 Bxh2+ 11. Kxh2 Qh4+ 12. Kg1 Bxe4 13. Bg5 Qxg5 14. Rxe4 Nf6 15. Re5 Qf4 16. c3 Kb8 17. Qc1 Qxc1+ 18. Rxc1 Rhe8 19. Rce1 Rxe5 20. Rxe5 Re8 21. Bf7 Rxe5 22. dxe5 Nd5 23. Bxd5 cxd5 24. f4 Kc8 25. Kf2 Kd7 26. b4 Ke6 27. Ke3 g5 28. g3 1/2-1/2

[Event "Bluenose Winter Sectional B"]
[Site "Halifax CAN"]
[Date "1997.03.23"]
[Round "5"]
[White "Phillips, Gary"]
[Black "Cordes, John"]
[Result "1-0"]
[WhiteElo "1791"]
[BlackElo "1811"]
[PlyCount "70"]
[GameId "2160767911966264"]
[EventDate "1997.03.22"]
[EventType "tourn"]
[EventRounds "6"]
[EventCountry "CAN"]

1. e4 c5 2. Nc3 d6 3. f4 e6 4. Nf3 Nc6 5. Bb5 h6 6. a3 a6 7. Bc4 b5 8. Ba2 c4 9. O-O Be7 10. d3 cxd3 11. cxd3 Nf6 12. Bd2 O-O 13. Qe1 Re8 14. Rc1 Bb7 15. b4 d5 16. e5 Nd7 17. d4 Nb6 18. Rc2 Nc4 19. Bc1 Na7 20. Qg3 a5 21. Bxc4 dxc4 22. Na2 axb4 23. Nxb4 Nc6 24. Nxc6 Bxc6 25. f5 exf5 26. Nh4 Bxh4 27. Qxh4 Be4 28. Rc3 Re6 29. Rh3 Qc7 30. d5 Qc5+ 31. Rf2 Rd8 32. Kh1 Rg6 33. Rg3 Rxg3 34. Qxg3 c3 35. Bxh6 g6 1-0

[Event "Bluenose Winter Sectional B"]
[Site "Halifax CAN"]
[Date "1997.03.23"]
[Round "6"]
[White "Cordes, John"]
[Black "Tufts, Kim"]
[Result "1-0"]
[WhiteElo "1811"]
[BlackElo "1690"]
[PlyCount "58"]
[GameId "2160767911966265"]
[EventDate "1997.03.22"]
[EventType "tourn"]
[EventRounds "6"]
[EventCountry "CAN"]

1. e4 e5 2. Nf3 f5 3. exf5 e4 4. Ne5 Nf6 5. d3 d6 6. Nc4 Bxf5 7. dxe4 Nxe4 8. Be3 Nc6 9. Bd3 Qf6 10. c3 O-O-O 11. Ncd2 d5 12. Qc2 Ne5 13. Bxe4 dxe4 14. Nxe4 Qg6 15. f3 Nd3+ 16. Kf1 Bc5 17. Bxc5 Nxc5 18. Nbd2 Rhe8 19. Re1 Nd3 20. Re3 Nf4 21. g4 Qb6 22. Nc4 Qb5 23. Ned6+ cxd6 24. Qxf5+ Qxf5 25. Nxd6+ Rxd6 26. Rxe8+ Kd7 27. gxf5 Kxe8 28. Kf2 Kf7 29. Re1 Nd3+ 1-0